000 00264nam a22001097a 4500
008 170120b xxu||||| |||| 00| 0 eng d
020 _a9780838510704
041 _aeng
080 _a618.2
245 _aCOMMUNITY HEALTH NURSING HANDBOOK
_cCLARK. M.J
942 _2udc
_cBK
999 _c3322
_d3322